[Event "Schwarzach op 26th"]
[Site "Schwarzach"]
[Date "2011.08.27"]
[Round "8"]
[White "Neulinger, Manfred"]
[Black "Hicker, Harald"]
[Result "1-0"]
[WhiteElo "2246"]
[BlackElo "2066"]
[PlyCount "99"]
[EventDate "2011.08.20"]
[EventType "swiss"]
[EventRounds "9"]
[EventCountry "AUT"]
[SourceTitle "CBM 144 Extra"]
[Source "ChessBase"]
[SourceDate "2011.10.28"]
[SourceVersion "1"]
[SourceVersionDate "2011.10.28"]
[SourceQuality "1"]

1. e4 e5 2. Nf3 Nc6 3. Bb5 a6 4. Bxc6 dxc6 5. 0-0 Bd6 6. d4 exd4 7. Qxd4 f6 8. Nbd2 Ne7 9. Nc4 Be6 10. b3 Ng6 11. Bb2 Bxc4 12. Qxc4 Qe7 13. Nd4 Qf7 14. Qxf7+ Kxf7 15. g3 Rhe8 16. Rfe1 c5 17. Nf5 Be5 18. c3 Ne7 19. Nxe7 Rxe7 20. f4 Bd6 21. Kf2 g5 22. Kf3 Rae8 23. h3 h5 24. c4 g4+ 25. hxg4 hxg4+ 26. Kxg4 Rxe4 27. Rxe4 Rxe4 28. Kf3 f5 29. Rh1 b5 30. Rh5 Ke6 31. Rxf5 Re1 32. Rd5 Rf1+ 33. Kg2 Rb1 34. Rd2 bxc4 35. bxc4 Kf5 36. Kf3 Rf1+ 37. Rf2 Rg1 38. a4 c6 39. Re2 Rf1+ 40. Kg2 Rd1 41. Be5 Kg4 42. Kf2 Bf8 43. Rb2 Ra1 44. Rb8 Ra2+ 45. Ke3 Bh6 46. Rg8+ Kh3 47. Rh8 Ra3+ 48. Ke4 Rxa4 49. Rxh6+ Kxg3 50. Rg6+ 1-0

[Event "Schwarzach op 26th"]
[Site "Schwarzach"]
[Date "2011.08.25"]
[Round "6"]
[White "Neulinger, Manfred"]
[Black "Bontempi, Piero"]
[Result "1/2-1/2"]
[WhiteElo "2246"]
[BlackElo "2325"]
[PlyCount "67"]
[EventDate "2011.08.20"]
[EventType "swiss"]
[EventRounds "9"]
[EventCountry "AUT"]
[SourceTitle "CBM 144 Extra"]
[Source "ChessBase"]
[SourceDate "2011.10.28"]
[SourceVersion "1"]
[SourceVersionDate "2011.10.28"]
[SourceQuality "1"]

1. e4 c5 2. Nf3 Nc6 3. Bb5 d6 4. 0-0 Bd7 5. c3 Nf6 6. Re1 a6 7. Bf1 Bg4 8. h3 Bxf3 9. Qxf3 g6 10. Qd1 Bh6 11. Na3 0-0 12. d3 Bxc1 13. Rxc1 e5 14. g3 b5 15. Bg2 Rb8 16. Nc2 b4 17. Ne3 Qa5 18. Nc4 Qc7 19. f4 bxc3 20. bxc3 Na5 21. Ne3 Rb2 22. Re2 Rfb8 23. Rxb2 Rxb2 24. fxe5 dxe5 25. Qf3 Nh5 26. Nd5 Qb7 27. g4 Nf4 28. Nxf4 exf4 29. Qxf4 Rxa2 30. Rf1 Nb3 31. Qd6 a5 32. Qd8+ Kg7 33. Qf6+ Kg8 34. Qd8+ 1/2-1/2

[Event "Schwarzach op 26th"]
[Site "Schwarzach"]
[Date "2011.08.23"]
[Round "4"]
[White "Neulinger, Manfred"]
[Black "Egle, Martin"]
[Result "1-0"]
[WhiteElo "2246"]
[BlackElo "2095"]
[PlyCount "37"]
[EventDate "2011.08.20"]
[EventType "swiss"]
[EventRounds "9"]
[EventCountry "AUT"]
[SourceTitle "CBM 144 Extra"]
[Source "ChessBase"]
[SourceDate "2011.10.28"]
[SourceVersion "1"]
[SourceVersionDate "2011.10.28"]
[SourceQuality "1"]

1. e4 e6 2. d4 d5 3. Nc3 Bb4 4. exd5 exd5 5. Bd3 Ne7 6. Qf3 0-0 7. Nge2 b6 8. Bg5 f6 9. Bh4 c5 10. 0-0-0 cxd4 11. Nxd4 Bxc3 12. bxc3 Qd7 13. Rhe1 Ng6 14. Bg3 Ne5 15. Bxe5 fxe5 16. Bxh7+ Kxh7 17. Qxf8 exd4 18. Re7 Qg4 19. Rxd4 1-0

[Event "Feffernitz Raika op 19th"]
[Site "Feffernitz"]
[Date "2010.08.26"]
[Round "6"]
[White "Neulinger, Manfred"]
[Black "Jandke, Manfred"]
[Result "1/2-1/2"]
[WhiteElo "2249"]
[BlackElo "2161"]
[PlyCount "103"]
[EventDate "2010.08.22"]
[EventType "swiss"]
[EventRounds "9"]
[EventCountry "AUT"]
[SourceTitle "CBM 138 Extra"]
[Source "ChessBase"]
[SourceDate "2010.10.29"]
[SourceVersion "1"]
[SourceVersionDate "2010.10.29"]
[SourceQuality "1"]

1. e4 e6 2. d4 d5 3. Nc3 Nf6 4. e5 Nfd7 5. f4 c5 6. Nf3 Nc6 7. Be3 a6 8. Be2 b5 9. 0-0 Be7 10. Qd2 0-0 11. Nd1 Bb7 12. c3 Qb6 13. dxc5 Bxc5 14. b4 Bxe3+ 15. Nxe3 f6 16. exf6 Nxf6 17. Nd4 Ne4 18. Qd3 Nxc3 19. Qxc3 Nxd4 20. Bd3 Rac8 21. Qe1 Nc2 22. Bxc2 Rxc2 23. Kh1 Rc7 24. Rd1 d4 25. Ng4 Rc2 26. Rf2 Rxf2 27. Qxf2 Rd8 28. h3 Qd6 29. a3 Qd5 30. Ne5 Rf8 31. Rd2 Qb3 32. Rd3 Qd5 33. Rd2 Rd8 34. Kh2 Qe4 35. Re2 Qb1 36. Rc2 Be4 37. Qxd4 Bd5 38. Rf2 Qe4 39. Qa7 Rf8 40. Nd7 Ra8 41. Qc5 Rd8 42. Qc3 h5 43. Qg3 Qf5 44. Qh4 Rc8 45. Nc5 a5 46. Re2 axb4 47. axb4 Rf8 48. Kg3 Rf6 49. Nd7 Qd3+ 50. Kf2 Qd4+ 51. Kg3 Qd3+ 52. Kf2 1/2-1/2

[Event "Latschach op 26th"]
[Site "Latschach"]
[Date "2010.08.21"]
[Round "9"]
[White "Neulinger, Manfred"]
[Black "Tarmann, Johannes"]
[Result "1-0"]
[WhiteElo "2249"]
[BlackElo "2045"]
[PlyCount "39"]
[EventDate "2010.08.14"]
[EventType "swiss"]
[EventRounds "9"]
[EventCountry "AUT"]
[SourceTitle "CBM 138 Extra"]
[Source "ChessBase"]
[SourceDate "2010.10.29"]
[SourceVersion "1"]
[SourceVersionDate "2010.10.29"]
[SourceQuality "1"]

1. e4 c5 2. Nc3 e6 3. g3 Nc6 4. Bg2 g6 5. d3 Bg7 6. f4 d6 7. Nf3 Nge7 8. 0-0 0-0 9. g4 f5 10. h3 a6 11. Be3 Qc7 12. Qd2 b5 13. Rae1 b4 14. Nd1 e5 15. gxf5 gxf5 16. fxe5 Nxe5 17. Nxe5 Bxe5 18. exf5 Bxf5 19. Bxa8 Rxa8 20. Qg2+ 1-0

[Event "Latschach op 26th"]
[Site "Latschach"]
[Date "2010.08.17"]
[Round "5"]
[White "Neulinger, Manfred"]
[Black "Kersic, Matej"]
[Result "1/2-1/2"]
[WhiteElo "2249"]
[BlackElo "2122"]
[PlyCount "103"]
[EventDate "2010.08.14"]
[EventType "swiss"]
[EventRounds "9"]
[EventCountry "AUT"]
[SourceTitle "CBM 138 Extra"]
[Source "ChessBase"]
[SourceDate "2010.10.29"]
[SourceVersion "1"]
[SourceVersionDate "2010.10.29"]
[SourceQuality "1"]

1. e4 c5 2. Nf3 d6 3. d4 cxd4 4. Nxd4 Nf6 5. Nc3 a6 6. g3 e6 7. Bg2 Be7 8. 0-0 0-0 9. a4 Qc7 10. a5 Nc6 11. Nb3 b6 12. axb6 Qxb6 13. Be3 Qb8 14. f4 Bb7 15. Na4 Nd7 16. Rf2 Qc7 17. Rd2 Rfd8 18. Qe2 Rab8 19. Qf2 Na5 20. Nxa5 Qxa5 21. c3 Qb5 22. b4 Nf6 23. Ba7 Rbc8 24. Qe1 d5 25. e5 Ne4 26. Rb2 f5 27. Bd4 g5 28. Bf1 Qe8 29. Nc5 Bxc5 30. bxc5 Rd7 31. Rab1 Bc6 32. Bxa6 Ra8 33. Bf1 Rg7 34. Qe3 h6 35. Bg2 Kh7 36. Rf1 Bb5 37. Rfb1 Bc4 38. Rb7 Rxb7 39. Rxb7+ Kg6 40. Rb1 g4 41. Qc1 Ra2 42. Rb2 Rxb2 43. Qxb2 Qa4 44. Qc1 Bb5 45. Qe1 Qa2 46. h3 h5 47. hxg4 hxg4 48. Bf2 Qc2 49. Bxe4 dxe4 50. Be3 Qd3 51. Kf2 Kf7 52. Kg1 1/2-1/2

[Event "Latschach op 26th"]
[Site "Latschach"]
[Date "2010.08.14"]
[Round "1"]
[White "Neulinger, Manfred"]
[Black "Sommerbauer, Adolf"]
[Result "1-0"]
[WhiteElo "2249"]
[BlackElo "1862"]
[PlyCount "121"]
[EventDate "2010.08.14"]
[EventType "swiss"]
[EventRounds "9"]
[EventCountry "AUT"]
[SourceTitle "CBM 138 Extra"]
[Source "ChessBase"]
[SourceDate "2010.10.29"]
[SourceVersion "1"]
[SourceVersionDate "2010.10.29"]
[SourceQuality "1"]

1. e4 c5 2. Nf3 e6 3. d4 cxd4 4. Nxd4 Nf6 5. Nc3 Nc6 6. Ndb5 Bb4 7. a3 Bxc3+ 8. Nxc3 0-0 9. Be2 d5 10. exd5 exd5 11. 0-0 d4 12. Na2 Re8 13. Re1 Bf5 14. Bf4 Qb6 15. b4 Re4 16. Bg3 Rae8 17. Qd2 a6 18. h3 R4e7 19. Bd3 Ne4 20. Bxe4 Bxe4 21. Nc1 a5 22. Nb3 axb4 23. axb4 h6 24. Bd6 Re6 25. Bc5 Qd8 26. b5 Rg6 27. Rxe4 Rxe4 28. bxc6 bxc6 29. Bxd4 Qd5 30. f3 Re8 31. Rf1 Rge6 32. Rf2 Re1+ 33. Kh2 Qd6+ 34. f4 h5 35. Be5 Qxd2 36. Nxd2 f6 37. Bd4 Kf7 38. f5 Rc1 39. Nb3 Rb1 40. Kg3 Rd1 41. Kf3 g5 42. fxg6+ Kxg6 43. Be3 f5 44. h4 Re1 45. Bd2 R1e4 46. g3 Ra4 47. Bf4 Rc4 48. Rd2 Rc3+ 49. Kf2 Ra8 50. Be5 Rc4 51. c3 Ra3 52. Nc1 Ra1 53. Nd3 Rh1 54. Nf4+ Kf7 55. Rd7+ Ke8 56. Rd3 Ra4 57. Re3 Rh2+ 58. Kf3 Raa2 59. Bd4+ Kf7 60. Re5 Kg8 61. Rxf5 1-0

[Event "Schwarzach op-A"]
[Site "Schwarzach"]
[Date "2009.08.18"]
[Round "4"]
[White "Wegerer, Josef"]
[Black "Neulinger, Manfred"]
[Result "0-1"]
[WhiteElo "2063"]
[BlackElo "2299"]
[PlyCount "78"]
[EventDate "2009.08.15"]
[EventType "swiss"]
[EventRounds "9"]
[EventCountry "AUT"]
[SourceTitle "CBM 132 Extra"]
[Source "ChessBase"]
[SourceDate "2009.11.03"]
[SourceVersion "1"]
[SourceVersionDate "2009.11.03"]
[SourceQuality "1"]

1. e4 c6 2. d4 d5 3. exd5 cxd5 4. Bd3 Nc6 5. c3 Qc7 6. Ne2 e6 7. Bf4 Bd6 8. Bxd6 Qxd6 9. f4 f5 10. Nd2 Nf6 11. 0-0 0-0 12. Nf3 Ne4 13. g3 Bd7 14. Kg2 Be8 15. Ne5 Bh5 16. Bc2 Nxe5 17. dxe5 Qb6 18. Bxe4 fxe4 19. Qd2 Bf3+ 20. Rxf3 exf3+ 21. Kxf3 g5 22. Kg2 gxf4 23. Nxf4 Rf5 24. Re1 Raf8 25. Re2 R8f7 26. a3 Kf8 27. Qd3 Ke8 28. Qd2 Ke7 29. b4 Qa6 30. Qe3 Qc6 31. Kh3 b6 32. Rd2 Qc4 33. Rd4 Qf1+ 34. Kh4 Qh1 35. h3 Rg7 36. g4 Rff7 37. c4 h5 38. Kg3 hxg4 39. hxg4 Rxg4+ 0-1

[Event "Schwarzach op-A"]
[Site "Schwarzach"]
[Date "2009.08.15"]
[Round "1"]
[White "Neulinger, Manfred"]
[Black "Wersching, Alfred"]
[Result "1-0"]
[WhiteElo "2299"]
[BlackElo "2031"]
[PlyCount "107"]
[EventDate "2009.08.15"]
[EventType "swiss"]
[EventRounds "9"]
[EventCountry "AUT"]
[SourceTitle "CBM 132 Extra"]
[Source "ChessBase"]
[SourceDate "2009.11.03"]
[SourceVersion "1"]
[SourceVersionDate "2009.11.03"]
[SourceQuality "1"]

1. e4 c5 2. Nf3 Nc6 3. Bb5 g6 4. 0-0 Bg7 5. Re1 Qb6 6. Na3 a6 7. Bf1 Qc7 8. c3 b5 9. h3 Qb6 10. Nc2 Nf6 11. Ne3 0-0 12. e5 Ne8 13. d4 cxd4 14. cxd4 d6 15. Nd5 Qd8 16. Bg5 dxe5 17. dxe5 Nc7 18. Nxe7+ Nxe7 19. Qxd8 Rxd8 20. Bxe7 Rd5 21. Rac1 Ne6 22. b3 Bb7 23. Bd6 Bh6 24. Rc2 Re8 25. a4 bxa4 26. bxa4 Ra5 27. Rc4 Bd5 28. Rh4 Bg7 29. Rb4 f6 30. exf6 Bxf6 31. Re3 Kf7 32. Ne5+ Bxe5 33. Rxe5 Rd8 34. Rxe6 Bxe6 35. Bc7 Rdd5 36. Bxa5 Rxa5 37. f4 Ke7 38. Bc4 Bd7 39. Bb3 Bc6 40. Kf2 g5 41. g4 gxf4 42. Rxf4 h5 43. Ke3 Bd7 44. Re4+ Kf6 45. Rd4 Be8 46. Kf4 hxg4 47. hxg4 Kg7 48. Re4 Bg6 49. Re7+ Kf8 50. Re5 Rxe5 51. Kxe5 Ke7 52. a5 Bd3 53. g5 Kd7 54. Kd4 1-0

[Event "Latschach op 22nd"]
[Site "Latschach"]
[Date "2006.08.13"]
[Round "3"]
[White "Kwossek, Georg"]
[Black "Neulinger, Manfred"]
[Result "1/2-1/2"]
[WhiteElo "2056"]
[BlackElo "2330"]
[PlyCount "65"]
[EventDate "2006.08.12"]
[EventType "swiss"]
[EventRounds "9"]
[EventCountry "AUT"]
[SourceTitle "CBM 113 Extra"]
[Source "ChessBase"]
[SourceDate "2006.09.14"]
[SourceVersion "1"]
[SourceVersionDate "2006.09.14"]
[SourceQuality "1"]

1. d4 Nf6 2. c4 e6 3. Nf3 Bb4+ 4. Bd2 a5 5. e3 b6 6. Bd3 Bb7 7. 0-0 0-0 8. a3 Bxd2 9. Nbxd2 d6 10. Qc2 Nbd7 11. Rad1 Qe7 12. Rfe1 h6 13. h3 Rfe8 14. Ne4 e5 15. Nxf6+ Nxf6 16. e4 exd4 17. Nxd4 Qe5 18. Nb5 Re7 19. Nc3 Qc5 20. Re3 Rae8 21. Qb1 Qh5 22. Rde1 Qh4 23. Nd5 Bxd5 24. cxd5 Re5 25. Qc2 R8e7 26. b4 axb4 27. axb4 g5 28. g3 Qxh3 29. f4 gxf4 30. gxf4 Qg4+ 31. Qg2 Qxg2+ 32. Kxg2 Rh5 33. Be2 1/2-1/2

[Event "AUT-chT2O 0506"]
[Site "Austria"]
[Date "2005.10.09"]
[Round "2.1"]
[White "Lipka, Juraj"]
[Black "Neulinger, Manfred"]
[Result "1/2-1/2"]
[WhiteElo "2395"]
[BlackElo "2323"]
[PlyCount "28"]
[EventDate "2005.11.19"]
[EventType "team-tourn"]
[EventRounds "11"]
[EventCountry "AUT"]
[SourceTitle "EXT 2006"]
[Source "ChessBase"]
[SourceDate "2005.11.24"]
[SourceVersion "1"]
[SourceVersionDate "2005.11.24"]
[SourceQuality "1"]
[WhiteTeam "Pamhagen"]
[BlackTeam "Wiener Neustadt"]
[WhiteTeamCountry "AUT"]
[BlackTeamCountry "AUT"]

1. Nf3 Nf6 2. c4 g6 3. g3 Bg7 4. Bg2 0-0 5. 0-0 d6 6. d4 Na6 7. Nc3 c5 8. d5 Nc7 9. e4 Bg4 10. h3 Bxf3 11. Qxf3 Nd7 12. Rd1 e6 13. dxe6 fxe6 14. Qe2 Bd4 1/2-1/2

[Event "AUT-chT2O 0405"]
[Site "Austria"]
[Date "2005.04.09"]
[Round "10.3"]
[White "Neulinger, Manfred"]
[Black "Kummer, Helmut"]
[Result "1/2-1/2"]
[WhiteElo "2304"]
[BlackElo "2350"]
[PlyCount "53"]
[EventDate "2004.10.09"]
[EventType "team-tourn"]
[EventRounds "11"]
[EventCountry "AUT"]
[SourceTitle "EXT 2005"]
[Source "ChessBase"]
[SourceDate "2004.11.15"]
[SourceVersion "1"]
[SourceVersionDate "2004.11.15"]
[SourceQuality "1"]
[WhiteTeam "Neustaed SV"]
[BlackTeam "Wulkaprodersdorf"]
[WhiteTeamCountry "AUT"]
[BlackTeamCountry "AUT"]

1. e4 e5 2. Nf3 Nc6 3. Bb5 a6 4. Bxc6 dxc6 5. 0-0 f6 6. d4 exd4 7. Qxd4 Qxd4 8. Nxd4 c5 9. Ne2 Bd6 10. Nbc3 Ne7 11. Bf4 Be6 12. Bxd6 cxd6 13. Rfd1 0-0-0 14. Rd2 Bf7 15. Rad1 Kc7 16. Nf4 Rhe8 17. f3 b6 18. Kf2 Kc6 19. Ncd5 Nxd5 20. Nxd5 Bxd5 21. Rxd5 Re5 22. Ke3 Rxd5 23. Rxd5 Kd7 24. h4 Ke6 25. g4 h6 26. h5 Rd7 27. Kd3 1/2-1/2

[Event "Niederoesterreich Landesliga 0405"]
[Site "Austria"]
[Date "2004.10.31"]
[Round "4"]
[White "Sulyok, Michael"]
[Black "Neulinger, Manfred"]
[Result "1/2-1/2"]
[WhiteElo "2161"]
[BlackElo "2315"]
[PlyCount "88"]
[EventDate "2004.09.19"]
[EventType "team-tourn"]
[EventRounds "11"]
[EventCountry "AUT"]
[SourceTitle "EXT 2022"]
[Source "ChessBase"]
[SourceDate "2021.10.06"]
[SourceVersion "1"]
[SourceVersionDate "2021.10.06"]
[SourceQuality "1"]

1. Nf3 Nf6 2. c4 e6 3. Nc3 d5 4. d4 Be7 5. Bg5 h6 6. Bh4 0-0 7. e3 Ne4 8. Bxe7 Qxe7 9. Rc1 Rd8 10. Bd3 Nxc3 11. Rxc3 dxc4 12. Bxc4 c5 13. 0-0 Nc6 14. Rd3 cxd4 15. Nxd4 Bd7 16. Qh5 Qf6 17. Nxc6 Bxc6 18. Rxd8+ Rxd8 19. Qa5 Qg5 20. Qxg5 hxg5 21. f3 Kf8 22. b4 Ke7 23. Re1 Bd5 24. Bxd5 Rxd5 25. Kf2 Kd6 26. Ke2 a5 27. bxa5 Rxa5 28. Rd1+ Ke5 29. Rd2 Ra3 30. g3 f5 31. f4+ Kf6 32. Rb2 g4 33. Kf2 g5 34. Ke2 b5 35. Kf2 b4 36. Ke2 gxf4 37. exf4 Ke7 38. Rd2 Kf6 39. Rb2 e5 40. fxe5+ Kxe5 41. Kf2 Kd5 42. Rxb4 Rxa2+ 43. Kg1 Rd2 44. Rf4 Ke5 1/2-1/2

[Event "AUT-chT 0304"]
[Site "Austria"]
[Date "2004.03.19"]
[Round "9"]
[White "Kotz, Heinz Peter"]
[Black "Neulinger, Manfred"]
[Result "1/2-1/2"]
[WhiteElo "2350"]
[BlackElo "2323"]
[PlyCount "62"]
[EventDate "2003.11.28"]
[EventType "team-tourn"]
[EventRounds "11"]
[EventCountry "AUT"]
[SourceTitle "CBM 097 Extra"]
[Source "ChessBase"]
[SourceDate "2004.01.13"]
[SourceVersion "1"]
[SourceVersionDate "2004.01.13"]
[SourceQuality "1"]
[WhiteTeam "Gleisdorf"]
[BlackTeam "Wiener Neustadt"]
[WhiteTeamCountry "AUT"]
[BlackTeamCountry "AUT"]

1. e4 c6 2. d4 d5 3. e5 Bf5 4. Nf3 e6 5. a3 Nd7 6. Be2 h6 7. 0-0 g5 8. Be3 Bg7 9. Nbd2 Ne7 10. Ne1 Bg6 11. Nd3 Nf5 12. Bh5 Bxh5 13. Qxh5 0-0 14. g4 Nxe3 15. fxe3 f6 16. exf6 Rxf6 17. e4 Qb6 18. Nb3 dxe4 19. Ndc5 Nxc5 20. dxc5 Qd8 21. Rxf6 Qxf6 22. Rf1 Qxb2 23. Qf7+ Kh8 24. Qxb7 Rg8 25. Qxc6 Qxc2 26. Qxe6 Rb8 27. c6 e3 28. Nd4 Qc5 29. Ne2 Qc2 30. Nd4 Qc5 31. Ne2 Qc2 1/2-1/2

[Event "AUT-chT 0304"]
[Site "Austria"]
[Date "2004.03.18"]
[Round "8"]
[White "Neulinger, Manfred"]
[Black "Mahdy, Khaled"]
[Result "1/2-1/2"]
[WhiteElo "2323"]
[BlackElo "2418"]
[PlyCount "59"]
[EventDate "2003.11.28"]
[EventType "team-tourn"]
[EventRounds "11"]
[EventCountry "AUT"]
[SourceTitle "CBM 097 Extra"]
[Source "ChessBase"]
[SourceDate "2004.01.13"]
[SourceVersion "1"]
[SourceVersionDate "2004.01.13"]
[SourceQuality "1"]
[WhiteTeam "Wiener Neustadt"]
[BlackTeam "Tschaturanga"]
[WhiteTeamCountry "AUT"]
[BlackTeamCountry "AUT"]

1. e4 e5 2. Nf3 Nc6 3. Bb5 a6 4. Bxc6 dxc6 5. d4 exd4 6. Qxd4 Qxd4 7. Nxd4 Bd7 8. Bf4 0-0-0 9. Nc3 Bb4 10. Nde2 Be6 11. a3 Bc5 12. Bg3 Ne7 13. Rd1 Bc4 14. f4 f6 15. Bf2 Bd6 16. 0-0 Ng6 17. g3 Rd7 18. Rfe1 Re8 19. Nd4 Bf8 20. Kg2 Bg8 21. Nf3 Rxd1 22. Rxd1 Nh8 23. g4 Nf7 24. h4 Nd6 25. Nd2 h5 26. g5 f5 27. e5 Nb5 28. Ndb1 a5 29. Kf3 Be6 30. Rd2 1/2-1/2

[Event "AUT-chT 0304"]
[Site "Austria"]
[Date "2004.01.25"]
[Round "7"]
[White "Karner, Christoph"]
[Black "Neulinger, Manfred"]
[Result "1-0"]
[WhiteElo "2352"]
[BlackElo "2323"]
[PlyCount "87"]
[EventDate "2003.11.28"]
[EventType "team-tourn"]
[EventRounds "11"]
[EventCountry "AUT"]
[SourceTitle "CBM 097 Extra"]
[Source "ChessBase"]
[SourceDate "2004.01.13"]
[SourceVersion "1"]
[SourceVersionDate "2004.01.13"]
[SourceQuality "1"]
[WhiteTeam "Frohnleiten"]
[BlackTeam "Wiener Neustadt"]
[WhiteTeamCountry "AUT"]
[BlackTeamCountry "AUT"]

1. d4 Nf6 2. c4 e6 3. Nc3 Bb4 4. a3 Bxc3+ 5. bxc3 0-0 6. f3 d6 7. e4 h6 8. Bd3 e5 9. Ne2 Nc6 10. Be3 b6 11. g4 Nh7 12. h4 Na5 13. Ng3 Ba6 14. Qe2 Re8 15. g5 h5 16. Nxh5 Qd7 17. d5 Qa4 18. Qg2 Kh8 19. Rg1 Rg8 20. g6 fxg6 21. Qxg6 Qe8 22. Ke2 Bxc4 23. Qxe8 Raxe8 24. f4 exf4 25. Nxf4 Nf6 26. Ne6 c5 27. Rg5 g6 28. Rh1 Re7 29. Bf4 Nxe4 30. Bxc4 Nxc4 31. Kd3 Nf2+ 32. Kxc4 Nxh1 33. Bxd6 Rf7 34. Be5+ Kh7 35. Rg1 Rf5 36. Ng5+ Kh6 37. Rxh1 Kh5 38. Re1 Kxh4 39. Ne6 g5 40. d6 Kh3 41. d7 g4 42. d8Q Rxd8 43. Nxd8 g3 44. Re3 1-0

[Event "AUT-chT 0304"]
[Site "Austria"]
[Date "2003.11.28"]
[Round "1"]
[White "Neulinger, Manfred"]
[Black "Stanec, Nikolaus"]
[Result "0-1"]
[WhiteElo "2323"]
[BlackElo "2539"]
[PlyCount "132"]
[EventDate "2003.11.28"]
[EventType "team-tourn"]
[EventRounds "11"]
[EventCountry "AUT"]
[SourceTitle "CBM 097 Extra"]
[Source "ChessBase"]
[SourceDate "2004.01.13"]
[SourceVersion "1"]
[SourceVersionDate "2004.01.13"]
[SourceQuality "1"]
[WhiteTeam "Wiener Neustadt"]
[BlackTeam "Ansfelden Union"]
[WhiteTeamCountry "AUT"]
[BlackTeamCountry "AUT"]

1. e4 c5 2. Nf3 b6 3. Nc3 Bb7 4. d4 cxd4 5. Nxd4 a6 6. g3 d6 7. Bg2 Nd7 8. 0-0 e6 9. b3 Rc8 10. Bb2 Be7 11. Qe2 Rc7 12. Rad1 Qc8 13. Nd5 exd5 14. exd5 Ndf6 15. Nc6 Kf8 16. c4 h5 17. Qe3 Bxc6 18. dxc6 Rxc6 19. Bxc6 Qxc6 20. Rfe1 h4 21. Bxf6 gxf6 22. g4 Rh6 23. h3 Rg6 24. Rd5 Rg5 25. Qd2 Re5 26. f4 Rxe1+ 27. Qxe1 b5 28. Qe2 Bd8 29. Rh5 bxc4 30. bxc4 Qb6+ 31. Kg2 Qd4 32. Rxh4 Qxf4 33. Rh5 Bb6 34. Rf5 Qd4 35. Rf1 Ne7 36. g5 fxg5 37. Qe6 Qg1+ 38. Rxg1 fxe6 39. Rb1 Nc8 40. Kf3 Kf7 41. Kg4 Kg6 42. Re1 e5 43. Rf1 Be3 44. Rf3 Bf4 45. Ra3 Kf6 46. Rxa6 Ke7 47. Kf5 Kd7 48. Ke4 Kc7 49. c5 dxc5 50. Kd5 Be3 51. Kxe5 Nb6 52. Ke4 Bc1 53. Ra7+ Kc6 54. Rh7 Kb5 55. h4 gxh4 56. Rxh4 c4 57. Rh1 Bb2 58. Rh7 Na4 59. Rb7+ Kc6 60. Rh7 Nc5+ 61. Ke3 c3 62. Rh2 Kb5 63. Rh1 Na6 64. Ke2 Nb4 65. Rh5+ Ka4 66. Rh8 c2 0-1